Fundamental methods of mathematical economics (Record no. 1041)

MARC details
000 -LEADER
fixed length control field 00557cam a2200193ua 4500
008 - FIXED-LENGTH DATA ELEMENTS--GENERAL INFORMATION
fixed length control field 110428n ii |||gr||||Z||||||eng
020 ## - INTERNATIONAL STANDARD BOOK NUMBER
International Standard Book Number 0-07-010813-7
040 ## - CATALOGING SOURCE
Transcribing agency MAIN
082 ## - DEWEY DECIMAL CLASSIFICATION NUMBER
Classification number 330.1543
245 1# - TITLE STATEMENT
Title Fundamental methods of mathematical economics
Statement of responsibility, etc. by Alpha C.Chiang
250 ## - EDITION STATEMENT
Edition statement 3rd.
260 ## - PUBLICATION, DISTRIBUTION, ETC.
Place of publication, distribution, etc. Singapore:
Name of publisher, distributor, etc. Mcgraw-hall book company,984.
300 ## - PHYSICAL DESCRIPTION
Extent xii, 788p.:
Other physical details ill.;
Dimensions 25cm.
700 ## - ADDED ENTRY--PERSONAL NAME
Personal name Chiang, Alpha C.,
Relator term
942 ## - ADDED ENTRY ELEMENTS (KOHA)
Koha item type Books
653 ## - INDEX TERM--UNCONTROLLED
Uncontrolled term Political science
653 ## - INDEX TERM--UNCONTROLLED
Uncontrolled term Fundamental methods of mathematical economics
Holdings
Withdrawn status Lost status Damaged status Not for loan Home library Current library Shelving location Date acquired Total Checkouts Full call number Barcode Date last seen Copy number Price effective from Koha item type Date last checked out
        Central Library, Naharkatiya College Central Library, Naharkatiya College General Stacks 19/09/2020   330.1543 | CHI 2279 19/09/2020 2 19/09/2020 Books  
        Central Library, Naharkatiya College Central Library, Naharkatiya College General Stacks 19/09/2020 2 330.1543 | CHI 2280 15/02/2022 1 19/09/2020 Books 04/02/2022

Naharkatiya College © 2020. All rights reserved.

Powered By